000 00693nam a2200181Ia 4500
005 20260302160848.0
008 260302s9999 xx 000 0 und d
020 _a9783718658220
082 _a338.926094
_bJUD
100 _aJudt, Matthias
245 0 _aTechnology Transfer Out of Germany After 1945 /
_cJudt, Matthias; Ciesla, Burghard
260 _bPsychology Press,
_c1996
300 _a174 pages
520 _aThis book studies the movement of technology and scientist between East Germany and the Soviet Union, and West Germany and the Western Allies, using documented examples and case studies.
650 _aBusiness & Economics
700 _aCiesla, Burghard
942 _cENGLISH
999 _c616630
_d616630